[Event "XIV Festival Conca della Presolana Magistrale"]
[Site "Bratto - Castione della Presolana ITA"]
[Date "1994.08.22"]
[Round "2"]
[White "Pagnoncelli, Marco"]
[Black "Moncelli, Giorgio"]
[Result "0-1"]
[WhiteElo "1900"]
[BlackElo "2011"]
[PlyCount "74"]
[EventDate "1994.08.21"]

1. e4 c5 2. Nf3 Nc6 3. d4 cxd4 4. Nxd4 g6 5. Nc3 Bg7 6. Be3 Nf6 7. Bc4 Qa5 8.
f3 Qb4 9. Bb3 Nxe4 10. Nxc6 Bxc3+ 11. bxc3 Qxc3+ 12. Ke2 dxc6 13. Bd4 e5 14.
Qd3 Qxd4 15. Qxd4 exd4 16. fxe4 Be6 17. Kd3 Rd8 18. Rhf1 O-O 19. Rf6 Kg7 20.
Raf1 Bf5 21. R6xf5 gxf5 22. Rxf5 f6 23. Rf3 b5 24. Be6 c5 25. Rg3+ Kh8 26. Rh3
c4+ 27. Kd2 Rd6 28. Bf5 Rf7 29. Rh6 b4 30. Rh3 Ra6 31. Rg3 Rg7 32. Rh3 Rxa2 33.
g4 b3 34. Kc1 b2+ 35. Kb1 Rb7 36. Rxh7+ Rxh7 37. Kxa2 c3 0-1

[Event "XIV Festival Conca della Presolana Magistrale"]
[Site "Bratto - Castione della Presolana ITA"]
[Date "1994.08.22"]
[Round "2"]
[White "Righi, Ezio"]
[Black "Zoldan, Matteo"]
[Result "1-0"]
[WhiteElo "2210"]
[BlackElo "1900"]
[PlyCount "69"]
[EventDate "1994.08.21"]

1. e4 c5 2. Nf3 d6 3. d4 cxd4 4. Nxd4 Nf6 5. Nc3 e6 6. Be3 a6 7. Qd2 Be7 8. f3
Nc6 9. O-O-O O-O 10. g4 Nd7 11. h4 Nde5 12. Qg2 Qc7 13. f4 Nxd4 14. Bxd4 Nc6
15. Be3 b5 16. Bd3 Bb7 17. g5 d5 18. exd5 Nb4 19. Be4 Nxd5 20. Nxd5 Bxd5 21.
Bxd5 exd5 22. Qxd5 Rad8 23. Qf5 Qc4 24. Kb1 Qe2 25. Bd4 Rfe8 26. h5 Qg2 27. c3
Rd5 28. Qc2 Qf3 29. Rdf1 Qg4 30. Qe4 Qf5 31. Re1 Bf8 32. Qxf5 Rxe1+ 33. Rxe1
Rxf5 34. Re8 h6 35. Be5 1-0

[Event "XIV Festival Conca della Presolana Magistrale"]
[Site "Bratto - Castione della Presolana ITA"]
[Date "1994.08.22"]
[Round "2"]
[White "Vivo, Mario"]
[Black "Belotti, Bruno"]
[Result "1-0"]
[WhiteElo "2164"]
[BlackElo "2455"]
[PlyCount "80"]
[EventDate "1994.08.21"]

1. d4 Nf6 2. Nf3 c5 3. d5 b5 4. Bg5 d6 5. Bxf6 exf6 6. e4 a6 7. a4 b4 8. Bd3
Nd7 9. a5 Ra7 10. Nbd2 f5 11. O-O fxe4 12. Nxe4 Be7 13. Nfd2 O-O 14. Nc4 Nf6
15. Nxf6+ Bxf6 16. Re1 Re7 17. Rxe7 Qxe7 18. Qf3 Bb7 19. Rd1 g6 20. b3 Bd4 21.
h3 Qg5 22. Nxd6 Bxd5 23. Be4 Be6 24. Bb7 Qd8 25. Ne4 Qxa5 26. Qf4 Bf5 27. Ng5
Qd8 28. Rd2 Qe7 29. Bxa6 Ra8 30. Re2 Qf6 31. Bc4 Kg7 32. Nxf7 g5 33. Nxg5 h6
34. Qc7+ Kg6 35. Ne6 h5 36. Nf4+ Kh6 37. Nd5 Qg5 38. Qc6+ Bg6 39. Qxa8 Qc1+ 40.
Kh2 Bxc2 1-0

[Event "XIV Festival Conca della Presolana Magistrale"]
[Site "Bratto - Castione della Presolana ITA"]
[Date "1994.08.23"]
[Round "3"]
[White "Amedeo, Riccardo"]
[Black "Caruso, Daniele"]
[Result "0-1"]
[WhiteElo "1876"]
[BlackElo "2085"]
[PlyCount "86"]
[EventDate "1994.08.21"]

1. d4 Nf6 2. Nf3 g6 3. c4 Bg7 4. Nc3 d6 5. e4 O-O 6. Be2 e5 7. O-O Nc6 8. d5
Ne7 9. Ne1 Nd7 10. Nd3 f5 11. f3 f4 12. b4 h5 13. c5 Nf6 14. Bd2 g5 15. h3 Kh8
16. Kh2 Neg8 17. g4 fxg3+ 18. Kxg3 h4+ 19. Kh2 Nh5 20. Nf2 Nf4 21. Rc1 Nf6 22.
Ng4 N6h5 23. Be1 Rf7 24. Rc2 Bf8 25. Bf2 Kh7 26. a3 Be7 27. cxd6 Bxd6 28. Nb1
Qf8 29. Rc3 Bd7 30. Nd2 a5 31. bxa5 Nxe2 32. Qxe2 Nf4 33. Qe3 Rxa5 34. Nc4 Bb5
35. Nxa5 Bxf1 36. Nxb7 Bxh3 37. Nc5 Bxg4 38. fxg4 Nxd5 39. exd5 Rxf2+ 40. Kg1
Rf4 41. Qd3+ Kh6 42. Ne6 Rxg4+ 43. Kh1 Qf2 0-1

[Event "XIV Festival Conca della Presolana Magistrale"]
[Site "Bratto - Castione della Presolana ITA"]
[Date "1994.08.23"]
[Round "3"]
[White "Belotti, Bruno"]
[Black "Cividali, Emilio"]
[Result "1-0"]
[WhiteElo "2455"]
[BlackElo "1976"]
[PlyCount "61"]
[EventDate "1994.08.21"]

1. e4 c5 2. Nf3 e6 3. d3 d5 4. Nbd2 Nc6 5. g3 Nge7 6. Bg2 g6 7. O-O Bg7 8. Re1
Qc7 9. exd5 Nxd5 10. Nb3 O-O 11. c4 Ndb4 12. Nxc5 Qd6 13. Be3 Rd8 14. Qa4 b6
15. Ne4 Qd7 16. Bg5 Nxd3 17. Bxd8 Nxe1 18. Nxe1 Nxd8 19. Qxd7 Bxd7 20. Nf6+
Bxf6 21. Bxa8 Kf8 22. Rd1 Ke7 23. b3 Bc3 24. f4 Nc6 25. Nf3 f6 26. Bxc6 Bxc6
27. Nd4 Bd7 28. Nb5 Bxb5 29. cxb5 Bb4 30. Kg2 Bc5 31. Kf3 1-0

[Event "XIV Festival Conca della Presolana Magistrale"]
[Site "Bratto - Castione della Presolana ITA"]
[Date "1994.08.23"]
[Round "3"]
[White "Bresciani, Nicola"]
[Black "Vivo, Mario"]
[Result "1/2-1/2"]
[WhiteElo "2315"]
[BlackElo "2164"]
[PlyCount "37"]
[EventDate "1994.08.21"]

1. e4 c5 2. Nf3 Nc6 3. d4 cxd4 4. Nxd4 Nf6 5. Nc3 d6 6. Be2 e6 7. O-O Be7 8.
Be3 O-O 9. f4 e5 10. Nb3 exf4 11. Bxf4 Be6 12. Kh1 d5 13. e5 Nd7 14. Nxd5 Ndxe5
15. Nxe7+ Qxe7 16. Qe1 f6 17. Qg3 Rad8 18. Rad1 Bc4 19. Be3 1/2-1/2

[Event "XIV Festival Conca della Presolana Magistrale"]
[Site "Bratto - Castione della Presolana ITA"]
[Date "1994.08.23"]
[Round "3"]
[White "Ciancarini, Paolo"]
[Black "Pagnoncelli, Marco"]
[Result "1-0"]
[WhiteElo "1932"]
[BlackElo "1900"]
[PlyCount "69"]
[EventDate "1994.08.21"]

1. e4 c5 2. Nf3 d6 3. d4 cxd4 4. Nxd4 Nf6 5. Nc3 g6 6. Be2 Bg7 7. Be3 Nc6 8.
O-O O-O 9. Nxc6 bxc6 10. f4 Qa5 11. Bf3 Rd8 12. Qd2 Rb8 13. Rab1 Ng4 14. Bxg4
Bxg4 15. b4 Qc7 16. Nd1 Be6 17. c3 Bc4 18. Rf3 a5 19. a4 Qb7 20. Qc2 Qa6 21.
Nf2 Be6 22. f5 Bc4 23. Bg5 Re8 24. Ng4 Be2 25. b5 Bxf3 26. bxa6 Bxg4 27. Rxb8
Rxb8 28. h3 Bd1 29. Qxd1 Bxc3 30. Bxe7 Be5 31. Bxd6 Rd8 32. a7 Bxd6 33. Kf1 Ra8
34. Qxd6 Rxa7 35. Qb8+ 1-0

[Event "XIV Festival Conca della Presolana Magistrale"]
[Site "Bratto - Castione della Presolana ITA"]
[Date "1994.08.23"]
[Round "3"]
[White "Everet, Alexandro"]
[Black "Contin, Daniel"]
[Result "0-1"]
[WhiteElo "1971"]
[BlackElo "2425"]
[PlyCount "102"]
[EventDate "1994.08.21"]

1. e4 e6 2. d4 d5 3. e5 c5 4. c3 Qb6 5. Nf3 Bd7 6. Bd3 Bb5 7. O-O Bxd3 8. Qxd3
Qa6 9. Qxa6 Nxa6 10. a3 c4 11. Nbd2 Rc8 12. b3 cxb3 13. Bb2 Ne7 14. Nxb3 Rc7
15. Rfc1 Nc8 16. Nfd2 Be7 17. c4 Nb6 18. cxd5 Nxd5 19. Rxc7 Naxc7 20. Rc1 b6
21. Ne4 Kd7 22. g3 f5 23. Ned2 h5 24. Kf1 h4 25. Ke2 g5 26. Kd3 g4 27. Nb1 hxg3
28. hxg3 Rh2 29. Rc2 f4 30. Nc3 Nxc3 31. Bxc3 fxg3 32. fxg3 Rxc2 33. Kxc2 Bxa3
34. Nd2 Nd5 35. Ne4 Kc6 36. Kd3 a5 37. Nf2 Nxc3 38. Kxc3 Bb4+ 39. Kd3 Be1 40.
Nxg4 Bxg3 41. Nf6 Bh4 42. Ne4 Be7 43. Nc3 b5 44. Ke4 a4 45. d5+ exd5+ 46. Nxd5
a3 47. Ne3 b4 48. Nc2 Kb5 49. Kd3 b3 50. Nd4+ Ka4 51. Kc3 Bb4+ 0-1

[Event "XIV Festival Conca della Presolana Magistrale"]
[Site "Bratto - Castione della Presolana ITA"]
[Date "1994.08.23"]
[Round "3"]
[White "Fabbri, Mario"]
[Black "Campini, Marco"]
[Result "0-1"]
[WhiteElo "2225"]
[BlackElo "2060"]
[PlyCount "48"]
[EventDate "1994.08.21"]

1. d4 Nf6 2. c4 g6 3. Nc3 Bg7 4. e4 d6 5. f3 Nbd7 6. Be3 c6 7. Qd2 Qc7 8. Bd3
a6 9. g4 b5 10. g5 Nh5 11. cxb5 axb5 12. f4 b4 13. Nce2 c5 14. b3 Ra5 15. Rc1
Qa7 16. Bb1 Bb7 17. Nf3 f5 18. gxf6 Bxf6 19. Ng3 Qa8 20. Nxh5 gxh5 21. Qc2 cxd4
22. Nxd4 Nc5 23. Qc4 Bh4+ 24. Kf1 Ba6 0-1

[Event "XIV Festival Conca della Presolana Magistrale"]
[Site "Bratto - Castione della Presolana ITA"]
[Date "1994.08.23"]
[Round "3"]
[White "Gerundino, Nicola"]
[Black "Bascetta, Biagio"]
[Result "1/2-1/2"]
[WhiteElo "1909"]
[BlackElo "1902"]
[PlyCount "68"]
[EventDate "1994.08.21"]

1. e4 Nf6 2. Nc3 d5 3. e5 Ne4 4. Nce2 Nc5 5. d4 Ne6 6. f4 g6 7. Nf3 c5 8. c3
Nc6 9. Be3 c4 10. Ng3 Ng7 11. b3 cxb3 12. axb3 e6 13. Bd3 Be7 14. O-O O-O 15.
Qd2 Na5 16. Qa2 b6 17. b4 Nc6 18. Ba6 Bxa6 19. Qxa6 Qc8 20. Bd2 Qxa6 21. Rxa6
Rfc8 22. Rfa1 Bd8 23. Ne2 Ne8 24. Nc1 Nc7 25. R6a2 Nb5 26. Ne1 Ne7 27. Ne2 Rc4
28. Nc2 Rac8 29. Na3 Nxa3 30. Rxa3 a5 31. bxa5 bxa5 32. Nc1 Rb8 33. Rb3 Rcc8
34. Rab1 Nc6 1/2-1/2

[Event "XIV Festival Conca della Presolana Magistrale"]
[Site "Bratto - Castione della Presolana ITA"]
[Date "1994.08.23"]
[Round "3"]
[White "Imbrogno, Rinaldo"]
[Black "Oppici, Gabriele"]
[Result "0-1"]
[WhiteElo "1902"]
[BlackElo "2005"]
[PlyCount "54"]
[EventDate "1994.08.21"]

1. e4 d5 2. Nc3 dxe4 3. Nxe4 e5 4. Nf3 Be7 5. Bc4 Nc6 6. c3 f5 7. Bxg8 Rxg8 8.
Qb3 Rf8 9. Ng3 e4 10. Ng1 Qd6 11. N1e2 b6 12. Nh5 Rf7 13. Nhf4 g5 14. Nd5 Na5
15. Nxe7 Nxb3 16. Nxc8 Rxc8 17. axb3 Qd3 18. Rxa7 f4 19. Nd4 f3 20. gxf3 exf3
21. Kd1 Re7 22. b4 Re4 23. b5 Rxd4 24. cxd4 Qe2+ 25. Kc2 Qxf2 26. Ra3 Kf8 27.
Re3 Re8 0-1

[Event "XIV Festival Conca della Presolana Magistrale"]
[Site "Bratto - Castione della Presolana ITA"]
[Date "1994.08.23"]
[Round "3"]
[White "Luchsinger, Eric"]
[Black "Profumo, Alberto"]
[Result "0-1"]
[WhiteElo "2200"]
[BlackElo "2106"]
[PlyCount "52"]
[EventDate "1994.08.21"]

1. d4 Nf6 2. Nf3 g6 3. Bg5 Bg7 4. Nbd2 d5 5. e3 O-O 6. Bd3 Nbd7 7. O-O c5 8. c3
b6 9. b4 Bb7 10. Qb1 Qc8 11. a4 Re8 12. b5 e5 13. Bc2 e4 14. Ne1 a5 15. f3 cxd4
16. cxd4 h6 17. Bxf6 Nxf6 18. fxe4 Qc3 19. Rxf6 Bxf6 20. e5 Qxe3+ 21. Kh1 Qxd2
22. exf6 Qxd4 23. Bxg6 Qxf6 24. Bh7+ Kh8 25. Nf3 Re3 26. Bf5 d4 0-1

[Event "XIV Festival Conca della Presolana Magistrale"]
[Site "Bratto - Castione della Presolana ITA"]
[Date "1994.08.23"]
[Round "3"]
[White "Marchini, Massimo"]
[Black "Righi, Ezio"]
[Result "1-0"]
[WhiteElo "2175"]
[BlackElo "2210"]
[PlyCount "75"]
[EventDate "1994.08.21"]

1. Nf3 Nf6 2. c4 e6 3. d4 b6 4. g3 Ba6 5. b3 Bb4+ 6. Bd2 Be7 7. Bg2 c6 8. Ne5
d5 9. O-O O-O 10. Bc3 Nfd7 11. Nd2 Nxe5 12. dxe5 f5 13. Qc2 Nd7 14. e3 Qc7 15.
f4 Rac8 16. Rfd1 b5 17. Bb2 Bb4 18. Rac1 bxc4 19. bxc4 Qa5 20. Nb3 Qa4 21. Nd4
Qxc2 22. Rxc2 Bxc4 23. Nxe6 Bxa2 24. Nxf8 Nxf8 25. Bxd5+ Bxd5 26. Rxd5 c5 27.
Bc3 Rb8 28. Rd6 Kf7 29. Ra6 Rb7 30. Bxb4 cxb4 31. Rca2 Rb6 32. Rxa7+ Ke6 33.
Kf2 Kd5 34. Rc7 g6 35. Rd2+ Ke6 36. Rd8 b3 37. Rxf8 Kd5 38. Rd8+ 1-0

[Event "XIV Festival Conca della Presolana Magistrale"]
[Site "Bratto - Castione della Presolana ITA"]
[Date "1994.08.23"]
[Round "3"]
[White "Moncelli, Giorgio"]
[Black "Cugini, Verter"]
[Result "0-1"]
[WhiteElo "2011"]
[BlackElo "2260"]
[PlyCount "90"]
[EventDate "1994.08.21"]

1. d4 d6 2. c4 e5 3. Nf3 Bg4 4. Qb3 Bxf3 5. Qxf3 c6 6. d5 Nf6 7. e4 Be7 8. Nc3
O-O 9. Bd3 Na6 10. O-O c5 11. Qg3 Qd7 12. Be2 Ne8 13. Be3 Bf6 14. Rae1 Nac7 15.
Bd3 a6 16. a4 Rb8 17. f4 Qe7 18. Qh3 g6 19. f5 Bg5 20. Qg4 Bxe3+ 21. Rxe3 Kg7
22. Ref3 f6 23. h4 Qf7 24. Nd1 Kh8 25. Ne3 Rg8 26. fxg6 Rxg6 27. Qh3 b5 28.
axb5 axb5 29. b3 bxc4 30. Bxc4 Nb5 31. Bxb5 Rxb5 32. Nc4 Rb8 33. Ra1 Rd8 34.
Ra6 Qd7 35. Rf5 Qb7 36. Rb6 Qa7 37. h5 Rg8 38. Qf3 Qa1+ 39. Kh2 Qe1 40. g3 Ra8
41. Kh3 Ra2 42. Nxd6 Nxd6 43. Rg5 Nxe4 44. Rxg8+ Kxg8 45. Qg4+ Ng5+ 0-1

[Event "XIV Festival Conca della Presolana Magistrale"]
[Site "Bratto - Castione della Presolana ITA"]
[Date "1994.08.23"]
[Round "3"]
[White "Perissinotto, Claudio"]
[Black "Boldini, David"]
[Result "0-1"]
[WhiteElo "2083"]
[BlackElo "1953"]
[PlyCount "104"]
[EventDate "1994.08.21"]

1. e4 e6 2. d4 d5 3. Nd2 a6 4. c3 Bd7 5. Ngf3 Bb5 6. c4 dxc4 7. a4 c3 8. axb5
cxd2+ 9. Bxd2 Nf6 10. Bd3 Be7 11. Qe2 O-O 12. O-O c6 13. bxa6 Nxa6 14. e5 Nd5
15. Bxa6 bxa6 16. Rxa6 c5 17. Rxa8 Qxa8 18. dxc5 Bxc5 19. Qe4 Qa7 20. Ng5 g6
21. Qh4 h5 22. Ne4 Bd4 23. Bh6 Bxe5 24. Bxf8 Kxf8 25. Nc3 Nf4 26. Qd8+ Kg7 27.
Qd2 h4 28. Re1 Qb7 29. f3 Qb6+ 30. Kh1 Bb8 31. Ne4 Nd5 32. Qf2 Qb4 33. Qd2 Qb6
34. Rc1 Bf4 35. Qc2 Bxc1 36. Qxc1 Qb3 37. Nc3 Nb4 38. Qd2 Qc4 39. h3 Qf1+ 40.
Kh2 Nd3 41. Ne4 f5 42. Qc3+ e5 43. Nc5 Nf2 44. Qxe5+ Kg8 45. Qe8+ Kh7 46. Qf7+
Kh6 47. Qf8+ Kh7 48. Qe7+ Kg8 49. Qxh4 Qh1+ 50. Kg3 Qe1 51. Qc4+ Kh7 52. Kf4
Nxh3+ 0-1

[Event "XIV Festival Conca della Presolana Magistrale"]
[Site "Bratto - Castione della Presolana ITA"]
[Date "1994.08.23"]
[Round "3"]
[White "Rossi, Giampiero"]
[Black "Lanzani, Mario"]
[Result "0-1"]
[WhiteElo "2205"]
[BlackElo "2320"]
[PlyCount "66"]
[EventDate "1994.08.21"]

1. d4 Nf6 2. c4 e5 3. dxe5 Ne4 4. Nd2 Nc5 5. Ngf3 Nc6 6. g3 d6 7. exd6 Bxd6 8.
Bg2 Qf6 9. O-O Bf5 10. Nb3 Ne6 11. Nh4 Bg4 12. Bxc6+ bxc6 13. f3 Bh3 14. Ng2 h5
15. Qc2 h4 16. c5 Be5 17. f4 hxg3 18. hxg3 Bxg2 19. Kxg2 Qh6 20. fxe5 Qh2+ 21.
Kf3 Rh3 22. Ke3 Qxg3+ 23. Rf3 Qg5+ 24. Kd3 Rd8+ 25. Kc3 Qxe5+ 26. Kb4 a5+ 27.
Ka3 a4 28. Rxh3 axb3 29. Qc3 Ra8+ 30. Kxb3 Nd4+ 31. Kb4 Nc2+ 32. Kb3 Nxa1+ 33.
Kc4 Qe4+ 0-1

[Event "XIV Festival Conca della Presolana Magistrale"]
[Site "Bratto - Castione della Presolana ITA"]
[Date "1994.08.24"]
[Round "4"]
[White "Bascetta, Biagio"]
[Black "Amedeo, Riccardo"]
[Result "0-1"]
[WhiteElo "1902"]
[BlackElo "1876"]
[PlyCount "144"]
[EventDate "1994.08.21"]

1. d4 Nf6 2. Bg5 g6 3. Bxf6 exf6 4. e3 Bg7 5. c3 O-O 6. Bd3 f5 7. Qf3 d6 8. Ne2
Nd7 9. Nd2 Rb8 10. Nf4 b5 11. O-O Qh4 12. Qg3 Qxg3 13. hxg3 Nf6 14. Rfc1 Re8
15. Nb3 Bd7 16. c4 bxc4 17. Rxc4 g5 18. Nh3 Bb5 19. Rc3 Bxd3 20. Rxd3 g4 21.
Nf4 c5 22. dxc5 dxc5 23. Rc1 Ne4 24. Rd5 Bxb2 25. Rc2 Ba3 26. Rxf5 Rec8 27. Nd5
c4 28. Nd4 c3 29. Re5 Rb1+ 30. Kh2 Nd2 31. Rxc3 Nf1+ 32. Kg1 Nxe3+ 33. Kh2 Nf1+
34. Kg1 Nxg3+ 35. Kh2 Nf1+ 36. Kg1 Nd2+ 37. Kh2 Rxc3 38. Re8+ Kg7 39. Nxc3 Nf1+
40. Kg1 Rc1 41. Ncb5 Bc5 42. Nb3 Rb1 43. Nc3 Rxb3 44. axb3 Nd2 45. Rb8 g3 46.
Nd1 gxf2+ 47. Nxf2 Ne4 48. Kf1 Nxf2 49. Rb5 Ne4 50. b4 Bb6 51. Re5 f5 52. Ke1
Kf6 53. Re8 h5 54. Rg8 Ke5 55. Ke2 Kd5 56. Rf8 Kc4 57. Kf3 Ng5+ 58. Ke2 Kxb4
59. Rxf5 Ne6 60. Re5 Nf4+ 61. Kf3 Bc7 62. Re7 Nd5 63. Rh7 a5 64. Rxh5 Kc4 65.
g4 a4 66. g5 a3 67. g6 a2 68. Rh1 Be5 69. Ke4 Bb2 70. Kf5 Ne3+ 71. Ke6 Nc2 72.
Ke7 Na3 0-1

[Event "XIV Festival Conca della Presolana Magistrale"]
[Site "Bratto - Castione della Presolana ITA"]
[Date "1994.08.24"]
[Round "4"]
[White "Caruso, Daniele"]
[Black "Everet, Alexandro"]
[Result "0-1"]
[WhiteElo "2085"]
[BlackElo "1971"]
[PlyCount "68"]
[EventDate "1994.08.21"]

1. e4 c5 2. Nf3 Nc6 3. Bb5 e6 4. c3 a6 5. Ba4 b5 6. Bc2 Bb7 7. O-O g6 8. d4
cxd4 9. cxd4 Bg7 10. d5 Na5 11. Nc3 Ne7 12. d6 Nc8 13. e5 Nc4 14. Re1 N8b6 15.
Be4 Bxe4 16. Rxe4 Qc8 17. Qe2 O-O 18. Bf4 Qb7 19. Rd1 Rac8 20. Red4 f6 21. exf6
Bxf6 22. Ne5 Bg7 23. Bg3 Rf5 24. f4 g5 25. Re1 gxf4 26. Rxf4 Rxe5 27. Qg4 Rxe1+
28. Bxe1 Nxd6 29. Bh4 Nd5 30. Rf3 Nxc3 31. Bf6 Ne2+ 32. Kf1 Rc1+ 33. Kxe2 Qe4+
34. Qxe4 Nxe4 0-1

[Event "XIV Festival Conca della Presolana Magistrale"]
[Site "Bratto - Castione della Presolana ITA"]
[Date "1994.08.24"]
[Round "4"]
[White "Cazzaniga, Walter"]
[Black "Belotti, Bruno"]
[Result "0-1"]
[WhiteElo "2180"]
[BlackElo "2455"]
[PlyCount "74"]
[EventDate "1994.08.21"]

1. d4 Nf6 2. c4 c5 3. d5 b5 4. cxb5 a6 5. b6 d6 6. Nc3 Qxb6 7. Nf3 g6 8. a4 Bg7
9. a5 Qb4 10. Ra4 Qb7 11. e4 O-O 12. Be2 Bd7 13. Ra3 Qb4 14. Nd2 Bb5 15. Bxb5
axb5 16. Rb3 Qd4 17. Rxb5 Nbd7 18. Qe2 Ne5 19. O-O Nfd7 20. Kh1 Qd3 21. f4 Qxe2
22. Nxe2 Nd3 23. Rb3 Nxc1 24. Rxc1 Rxa5 25. Rb7 Rd8 26. Nc3 Kf8 27. g3 Ke8 28.
Nc4 Raa8 29. e5 dxe5 30. fxe5 Nxe5 31. Nxe5 Bxe5 32. Re1 f6 33. Rb5 Bxc3 34.
bxc3 Rxd5 35. c4 Rd2 36. Rb7 Rd7 37. Rb6 Kf7 0-1

[Event "XIV Festival Conca della Presolana Magistrale"]
[Site "Bratto - Castione della Presolana ITA"]
[Date "1994.08.24"]
[Round "4"]
[White "Contin, Daniel"]
[Black "Vivo, Mario"]
[Result "1-0"]
[WhiteElo "2425"]
[BlackElo "2164"]
[PlyCount "69"]
[EventDate "1994.08.21"]

1. c4 f5 2. g3 Nf6 3. Bg2 c6 4. Nf3 d6 5. d3 g6 6. O-O Bg7 7. Nc3 O-O 8. Rb1 a5
9. a3 Na6 10. b4 axb4 11. axb4 Bd7 12. Bd2 Qc7 13. Qc1 e5 14. Bh6 Ng4 15. Bxg7
Kxg7 16. h3 Nf6 17. b5 Nc5 18. d4 Ne6 19. b6 Qb8 20. dxe5 dxe5 21. Qe3 e4 22.
Nd4 Qe5 23. Nxe6+ Bxe6 24. f4 Qd6 25. Rfd1 Qe7 26. Qd4 Kf7 27. c5 Nd7 28. Bxe4
fxe4 29. Nxe4 Nf6 30. Nd6+ Kg8 31. Qe3 Rfb8 32. f5 gxf5 33. Nxf5 Bxf5 34. Qxe7
Bxb1 35. Qxf6 1-0

[Event "XIV Festival Conca della Presolana Magistrale"]
[Site "Bratto - Castione della Presolana ITA"]
[Date "1994.08.24"]
[Round "4"]
[White "Cugini, Verter"]
[Black "Luchsinger, Eric"]
[Result "0-1"]
[WhiteElo "2260"]
[BlackElo "2200"]
[PlyCount "68"]
[EventDate "1994.08.21"]

1. e4 e5 2. Nf3 Nf6 3. Nxe5 d6 4. Nf3 Nxe4 5. Qe2 Qe7 6. d3 Nf6 7. Bg5 Nbd7 8.
Nc3 Qxe2+ 9. Bxe2 h6 10. Bh4 g5 11. Bg3 Nb6 12. O-O-O Bd7 13. d4 Nfd5 14. Nxd5
Nxd5 15. c4 Ne7 16. d5 Bg7 17. Nd4 Nf5 18. Nxf5 Bxf5 19. c5 O-O 20. Bd3 Bxd3
21. Rxd3 f5 22. cxd6 f4 23. dxc7 Rac8 24. d6 Rfd8 25. Bxf4 gxf4 26. Rhd1 Kf7
27. Rb3 b6 28. Kb1 Rd7 29. Ra3 Ke6 30. Re1+ Kxd6 31. Rxa7 Rdxc7 32. Ra6 Bd4 33.
Rd1 Ke5 34. Ra4 Bxf2 0-1

[Event "XIV Festival Conca della Presolana Magistrale"]
[Site "Bratto - Castione della Presolana ITA"]
[Date "1994.08.24"]
[Round "4"]
[White "D'Apa, Stefano"]
[Black "Ciancarini, Paolo"]
[Result "0-1"]
[WhiteElo "2205"]
[BlackElo "1932"]
[PlyCount "92"]
[EventDate "1994.08.21"]

1. d4 c5 2. d5 Nf6 3. Nf3 d6 4. c4 b5 5. Nfd2 g6 6. e4 b4 7. Be2 Bg7 8. O-O O-O
9. Qc2 Nbd7 10. f4 Nb6 11. Nf3 Qc7 12. Kh1 Bd7 13. Nbd2 a5 14. a4 Qb8 15. Ne1
Nxa4 16. Nd3 Nb6 17. e5 Ng4 18. Ne4 Bf5 19. Bxg4 Bxe4 20. Be3 a4 21. Bf3 b3 22.
Qc3 Bxd3 23. Qxd3 Ra7 24. Rf2 Qc7 25. exd6 exd6 26. Rb1 Qc8 27. Bd2 Qa6 28. Be2
f5 29. Bc3 Bxc3 30. Qxc3 Re7 31. g4 Nxd5 32. Qd3 Nb4 33. Qc3 d5 34. gxf5 d4 35.
Qg3 Rxf5 36. Bg4 Rf8 37. f5 Re3 38. Qc7 Qc6+ 39. Qxc6 Nxc6 40. Ra1 Ne5 41. Rg2
Nxg4 42. Rxg4 Rxf5 43. Rxa4 Re1+ 44. Rg1 Re2 45. Ra8+ Kg7 46. Ra7+ Kh6 0-1

[Event "XIV Festival Conca della Presolana Magistrale"]
[Site "Bratto - Castione della Presolana ITA"]
[Date "1994.08.24"]
[Round "4"]
[White "Fabbri, Mario"]
[Black "Moncelli, Giorgio"]
[Result "0-1"]
[WhiteElo "2225"]
[BlackElo "2011"]
[PlyCount "78"]
[EventDate "1994.08.21"]

1. d4 Nf6 2. c4 c5 3. Nf3 cxd4 4. Nxd4 Nc6 5. Nc3 g6 6. g3 Bg7 7. Bg2 O-O 8.
O-O Nxd4 9. Qxd4 d6 10. Qd2 a6 11. b3 Rb8 12. Bb2 Be6 13. e4 Qa5 14. Rad1 Qh5
15. Ne2 Ng4 16. h3 Ne5 17. f4 Nc6 18. Bxg7 Kxg7 19. f5 Bd7 20. Nf4 Qh6 21. f6+
exf6 22. Qxd6 Rbd8 23. Qc7 Bc8 24. Rxd8 Rxd8 25. e5 Qg5 26. exf6+ Kf8 27. Nd5
Be6 28. Qxb7 Rc8 29. Qxa6 Qxg3 30. Nf4 Bf5 31. Qa3+ Kg8 32. Qa6 g5 33. Nd5 Bxh3
34. Rf2 Re8 35. Ne7+ Nxe7 36. fxe7 Rxe7 37. Qa8+ Kg7 38. Kf1 Bf5 39. Qf3 Bd3+
0-1

[Event "XIV Festival Conca della Presolana Magistrale"]
[Site "Bratto - Castione della Presolana ITA"]
[Date "1994.08.24"]
[Round "4"]
[White "Lanzani, Mario"]
[Black "Marchini, Massimo"]
[Result "1/2-1/2"]
[WhiteElo "2320"]
[BlackElo "2175"]
[PlyCount "31"]
[EventDate "1994.08.21"]

1. e4 d6 2. d4 g6 3. Nc3 Nf6 4. f4 Bg7 5. Nf3 c5 6. dxc5 Qa5 7. Bd3 Qxc5 8. Qe2
O-O 9. Be3 Qa5 10. O-O Nbd7 11. a3 a6 12. Nd4 Qc7 13. a4 e5 14. fxe5 Nxe5 15.
h3 Be6 16. Nxe6 1/2-1/2

[Event "XIV Festival Conca della Presolana Magistrale"]
[Site "Bratto - Castione della Presolana ITA"]
[Date "1994.08.24"]
[Round "4"]
[White "Oppici, Gabriele"]
[Black "Boldini, David"]
[Result "0-1"]
[WhiteElo "2005"]
[BlackElo "1953"]
[PlyCount "80"]
[EventDate "1994.08.21"]

1. d4 d5 2. e3 Nf6 3. Nd2 g6 4. Bd3 Bg7 5. f4 O-O 6. Ngf3 Ne8 7. O-O Nd6 8. c4
Nxc4 9. Nxc4 dxc4 10. Bxc4 c5 11. Qb3 cxd4 12. Nxd4 Nc6 13. Nxc6 bxc6 14. Rd1
Qc7 15. e4 Bg4 16. Rf1 Bd4+ 17. Kh1 Rab8 18. Qg3 Be6 19. Bxe6 fxe6 20. Qg4 Qd6
21. Bd2 Rxb2 22. Rad1 Rxa2 23. h4 Kh8 24. Bc3 c5 25. Rf3 Qc6 26. Rxd4 cxd4 27.
Bxd4+ Kg8 28. f5 Ra4 29. fxg6 Qc1+ 30. Kh2 Qc7+ 31. Kh3 Rxf3+ 32. Qxf3 hxg6 33.
Bf2 Qe5 34. Bg3 Qxe4 35. Qb3 Rb4 36. Qa2 Ra4 37. Qb3 a5 38. Qb8+ Kg7 39. Be5+
Kf7 40. Bg3 Ra2 0-1

[Event "XIV Festival Conca della Presolana Magistrale"]
[Site "Bratto - Castione della Presolana ITA"]
[Date "1994.08.24"]
[Round "4"]
[White "Pagnoncelli, Marco"]
[Black "Imbrogno, Rinaldo"]
[Result "1/2-1/2"]
[WhiteElo "1900"]
[BlackElo "1902"]
[PlyCount "30"]
[EventDate "1994.08.21"]

1. e4 d6 2. d4 Nf6 3. Nc3 c6 4. f3 g6 5. Be3 Bg7 6. Qd2 O-O 7. Nge2 b5 8. g3
Nbd7 9. Bg2 Qc7 10. O-O a6 11. h3 Nb6 12. b3 Nfd7 13. f4 c5 14. Rac1 Bb7 15.
Nd1 f5 1/2-1/2

[Event "XIV Festival Conca della Presolana Magistrale"]
[Site "Bratto - Castione della Presolana ITA"]
[Date "1994.08.24"]
[Round "4"]
[White "Perissinotto, Claudio"]
[Black "Gerundino, Nicola"]
[Result "1-0"]
[WhiteElo "2083"]
[BlackElo "1909"]
[PlyCount "81"]
[EventDate "1994.08.21"]

1. e4 c5 2. c3 Nf6 3. e5 Nd5 4. d4 cxd4 5. Nf3 Nc6 6. Bc4 Nb6 7. Bb3 d6 8. exd6
Qxd6 9. O-O dxc3 10. Nxc3 Qxd1 11. Rxd1 Bg4 12. Be3 Bxf3 13. gxf3 e6 14. Nb5
Rc8 15. Nxa7 Nxa7 16. Bxb6 Bc5 17. Ba4+ Ke7 18. Rd7+ Kf6 19. Bxc5 Rxc5 20. Rxb7
Nc6 21. Bxc6 Rxc6 22. a4 Rd8 23. b4 Rd2 24. a5 Rcc2 25. Rf1 Ra2 26. Rb6 Rdb2
27. a6 Ra4 28. b5 Ra5 29. Rb7 Rbxb5 30. Rxb5 Rxb5 31. Ra1 Rb8 32. a7 Ra8 33.
Kf1 Ke7 34. Ke2 Kd7 35. Kd3 Kc6 36. Kd4 Kd6 37. Ra6+ Kd7 38. Kc5 Kc7 39. Kb5
Kb7 40. Rb6+ Kc7 41. Ka6 1-0